Statistics for Countries Of The World In 1930

Click here to take the quiz!

General Stats

  • This quiz has been taken 54 times
  • The average score is 67 of 70

Answer Stats

Capital Country % Correct
RigaLatvia
100%
WarsawPoland
100%
TokyoJapan
100%
RomeItaly
100%
DublinIreland
100%
LuxembourgLuxembourg
100%
Mexico CityMexico
100%
MonacoMonaco
100%
AmsterdamNetherlands
100%
AthensGreece
100%
BerlinGermany
100%
ParisFrance
100%
HelsinkiFinland
100%
OsloNorway
100%
TehranPersia
100%
VilniusLithuania
100%
PragueCzechoslovakia
100%
Rio de JaneiroBrazil
100%
CaracasVenezuela
100%
Buenos AiresArgentina
100%
Washington, D.C.United States
100%
ViennaAustria
100%
BrusselsBelgium
100%
LondonUnited Kingdom
100%
OttawaCanada
100%
PretoriaSouth Africa
100%
StockholmSweden
100%
HavanaCuba
100%
BernSwitzerland
98%
BangkokSiam
98%
AnkaraTurkey
98%
WellingtonNew Zealand
98%
MadridSpain
98%
LisbonPortugal
98%
VaduzLiechtenstein
98%
BucharestRomania
98%
KabulAfghanistan
98%
CopenhagenDenmark
98%
BudapestHungary
98%
Andorra la VellaAndorra
98%
CanberraAustralia
98%
Guatemala CityGuatemala
98%
SofiaBulgaria
98%
SantiagoChile
98%
NankingChina
98%
BogotáColombia
98%
BelgradeYugoslavia
96%
Vatican CityVatican City
96%
MontevideoUruguay
96%
SucreBolivia
96%
MoscowSoviet Union
96%
San JoséCosta Rica
96%
San MarinoSan Marino
96%
Santo DomingoDominican Republic
96%
TiranaAlbania
96%
LimaPeru
96%
AsunciónParaguay
96%
TallinnEstonia
96%
UlaanbaatarMongolia
96%
Port-au-PrinceHaiti
96%
San SalvadorEl Salvador
94%
Panama CityPanama
94%
Addis AbabaEthiopian Empire
94%
QuitoEcuador
92%
ManaguaNicaragua
92%
KathmanduNepal
90%
TegucigalpaHonduras
90%
Sana'aYemen
77%
MonroviaLiberia
75%
DanzigDanzig
46%

Score Distribution

Percentile by Number Answered

Percent of People with Each Score

Your Score History

You have not taken this quiz